Statistics for Asian Geography by Letter - L

Click here to take the quiz!

General Stats

  • This quiz has been taken 60 times
  • The average score is 10 of 20

Answer Stats

HintAnswer% Correct
The cedar tree is a symbol of this countryLebanon
100%
One of five officially communist countries in the worldLaos
97%
Second largest city of PakistanLahore
91%
Ancient Chinese state where Confucius was fromLu
91%
Largest and most populous island of the PhilippinesLuzon
91%
Geographical region including Cyprus, and the countries between the Mediterranean Sea, Mesopotamia, the Arabian Desert, and SinaiLevant
76%
Title for a teacher of Tibetan Buddhismlama
72%
Longest river entirely in Russia; flows into the above seaLena
60%
Capital and largest city of the Indian state of Uttar PradeshLucknow
57%
Archipelago and union territory in the southwest of IndiaLakshadweep
36%
Sea of the Arctic Ocean north of SiberiaLaptev Sea
33%
Union territory of India in the disputed Kashmir regionLadakh
28%
Fourth tallest mountain in the world, located on the border between Nepal and ChinaLhotse
22%
Ancient Anatolian kingdom that was conquered by the Persians in the 6th century BCLydia
22%
Island group including Bali, Lombok, Sumbawa, Flores, Sumba, and TimorLesser Sunda Islands
21%
Province in northeastern ChinaLiaoning
17%
Capital of the aboveLeh
14%
Dynasty that ruled southern China in the 6th centuryLiang
12%
Ethnic group native to the Black Sea coastal regions of Turkey and GeorgiaLaz
10%
Hindu-Buddhist kingdom on the Malay Peninsula that existed from the 1st to 15th centuryLangkasuka
5%

Score Distribution

Percentile by Number Answered

Percent of People with Each Score

Your Score History

You have not taken this quiz